USports Vanier Cup Most Wins - Statistics

General Stats
  • This quiz has been taken 6 times
  • The average score is 11 of 14
Answer Stats
Vanier Cups Most Recent Win Answer % Correct
4 2015 British Columbia`
100%
5 2019 Calgary
100%
3 2007 Manitoba
100%
3 2025 Montreal
100%
2 2000 Ottawa
100%
3 1980 Alberta
83%
12 2024 Laval
83%
3 1998 Saskatchewan
83%
2 1993 Toronto
83%
8 2021 Western
83%
4 2009 Queen's
67%
3 2002 Saint Mary's
33%
2 2005 Wilfrid Laurier
33%
2 1981 Acadia
17%
No matching quizzes found
Score Distribution
Percent of People with Each Score
Percentile by Number Answered
Your Score History
You have not taken this quiz